000 00654nam a2200229Ia 4500
003 OSt
005 20221007081013.0
006 a|||||r|||| 00| 0
007 ta
008 221006b |||||||| |||| 00| 0 eng d
024 _a27,907
037 _cReports / Technical Reports
040 _aFLL
_cFLL
_beng
041 _2eng
_aeng
082 _aZ73:2:41, L0.2
100 _aRounds Stowell
_9696101
245 0 _aNew York notes for Murphy's will clauses
260 _aNew York
_bMatthew Bender
_c1970
300 _a795p
_ccm.
942 _hZ73:2:41, L0.2
_cREP
_2CC
999 _c1161638
_d1161638